000 00247nam a2200085Ia 4500
245 0 _aCool forensic tools : technology at work
100 _a Beck, Esther Edina, Minn., 2009
_976344
942 _cBK
008 210819s9999 xx 000 0 und d
999 _c282188
_d282186